000 00585nam a2200205Ia 4500
005 20250508163930.0
008 008 250505s9999 xx 000 0 eng d
020 _a81-87746-39-4
037 _aTextual
040 _aFEDL
_beng
_cFEDL
041 _aeng
_2eng
084 _a340.11, STE
_qFEDL
100 _aSternback L.
_9607740
245 0 _aHindu legends of justice : Panchatantra and smrti
260 _aDelhi, India
_bGlobal Vision Publishing House
_c2002
300 _aviii,187p.
650 _aLaw
942 _cTEXL
_h340.11, STE
999 _c1386138
_d1386138